MARC

LEADER 00000nam0a2200000 4500
001 83382
005 20231101213306.0
010 |a 5280010200 
035 |a (RuTPU)RU\TPU\book\89620 
035 |a RU\TPU\book\76703 
090 |a 83382 
100 |a 20051017b1990 m y0rusy50 ca 
101 0 |a rus 
102 |a RU 
105 |a y z 000gy 
200 1 |a Баллады и стихотворения  |f В. А. Жуковский 
210 |a Москва  |c Художественная литература  |d 1990 
215 |a 383 с. 
225 1 |a Школьная библиотека 
610 1 |a русская литература 
610 1 |a художественная литература 
610 1 |a стихотворения 
610 1 |a поэмы 
610 1 |a баллады 
675 |a Р1  |v 3 
700 1 |a Жуковский  |b В. А.  |c русский поэт  |c академик Петербургской АН  |f 1783-1852  |g Василий Андреевич  |2 stltpush  |3 (RuTPU)RU\TPU\pers\1101  |9 499 
801 1 |a RU  |b 63413507  |c 20041228  |g PSBO 
801 2 |a RU  |b 63413507  |c 20200604  |g PSBO 
942 |c BK